000 00484nam a2200169Ia 4500
999 _c20245
_d20245
003 OSt
005 20200625144107.0
008 190216s9999||||xx |||||||||||||| ||und||
040 _coclc
082 _a954
_bALI/C
100 _aAlimov, Yuri
_93245
245 0 _aCherichera Prasthanam Pathittandugaliloode /
_cYuri Alimov
260 _bProgress Publishers,
_aMoscow:
_c1987.
300 _a310p
650 _aHistory
942 _cBK
_2ddc
_h954
_iALI/C
_k954
_mALI/C